Plantilla del campeon - Mundial FIFA (1) - Estadísticas

Estadísticas generales
  • Esta prueba ha sido intentada 65 veces
  • La puntuación promedio es 27 de 220
Estadísticas de respuestas
Pos. Jugador Equipo % Correcto
DEL Pele Santos
98%
DEL Pele Santos
98%
DEL Pele Santos
98%
DEL Garrincha Botafogo
81%
DEL Garrincha Botafogo
81%
DEF(c) Franz Beckenbauer Bayern Munich
79%
DEL Gerd Muller Bayern Munich
77%
MED Bobby Charlton Manchester United
70%
DEF(c) Bobby Moore West Ham
60%
DEF Jack Charlton Leeds
60%
DEF Jair Fluminense
49%
DEF(c) Carlos Alberto Santos
47%
POR Gordon Banks Leicester City
44%
DEL Jairzinho Botafogo
44%
MED(c) Giuseppe Meazza Inter
42%
MED Giuseppe Meazza Inter
42%
MED Karl Mai SpVgg Furth
42%
POR Sepp Maier Bayern Munich
40%
DEL Juan Alberto Schiaffino Peñarol
37%
DEL Alcides Ghiggia Peñarol
30%
DEL Tostao Cruzeiro
30%
MED Didi Botafogo
28%
MED Didi Botafogo
28%
MED(c) Obdulio Varela Peñarol
28%
DEL Vava Palmeiras
28%
DEL Vava Vasco da Gama
28%
MED Gerson Sao Paulo
26%
DEL Geoff Hurst West Ham
23%
DEF Paul Breitner Bayern Munich
23%
DEF Djalma Santos Palmeiras
21%
DEF Djalma Santos Portuguesa
21%
DEF Juan Carlos Gonzalez Peñarol
21%
DEL Mario Zagallo Botafogo
21%
DEL Mario Zagallo Flamengo
21%
DEF Matias Gonzalez Cerro
21%
MED Roberto Rivelino Corinthians
21%
MED Jose Leandro Andrade Nacional
19%
DEF Nilton Santos Botafogo
19%
DEF Nilton Santos Botafogo
19%
MED Victor Andrade Central
19%
MED Lorenzo Fernandez Peñarol
16%
DEF William Martinez Rampla Juniors
16%
DEL(c) Fritz Walter Kaiserslautern
14%
DEL Hector Scarone Nacional
14%
MED Luis Monti Juventus
14%
DEL Ottmar Walter Kaiserslautern
14%
DEL Raimundo Orsi Juventus
14%
DEL Julio Perez River Plate (URU)
12%
DEL Mazzola Palmeiras
12%
DEL Uli Hoeness Bayern Munich
12%
MED Alan Ball Blackpool
9%
DEL Angelo Schiavio Bologna
9%
MED Clodoaldo Santos
9%
DEL Dida Flamengo
9%
POR Enrique Ballestrero Rampla Juniors
9%
POR Felix Fluminense
9%
DEL George Hunt Liverpool
9%
POR(c) Gianpiero Combi Juventus
9%
POR Gilmar Santos
9%
POR Gilmar Corinthians
9%
DEL Hector Castro Nacional
9%
DEL Helmut Rahn Rot-Weiss Essen
9%
DEF(c) Jose Nasazzi Bella Vista
9%
POR Leao Palmeiras
9%
DEL Pedro Cea Nacional
9%
POR Aldo Olivieri Lucchese
7%
DEF Alfredo Foni Juventus
7%
DEL Attilio Demaria Inter
7%
MED Attilio Ferraris Roma
7%
DEF Berti Vogts Borussia Monchengladbach
7%
DEF Brito Flamengo
7%
DEF Ernesto Mascheroni Olimpia (URU)
7%
DEF Everaldo Gremio
7%
DEL Felice Borel Juventus
7%
DEL Gino Colaussi Triestina
7%
DEL Giovanni Ferrari Inter
7%
DEL Giovanni Ferraris Juventus
7%
DEL Hans Schafer Koln
7%
DEF Hilderaldo Bellini Sao Paulo
7%
DEF(c) Hilderaldo Bellini Vasco da Gama
7%
DEL Jair da Costa Portuguesa
7%
DEF(c) Mauro Ramos Santos
7%
DEF Mauro Ramos Sao Paulo
7%
DEL Max Morlock Nurnberg
7%
DEF Orlando Vasco da Gama
7%
DEL Oscar Miguez Peñarol
7%
DEL Pedro Petrone Nacional
7%
DEL Pepe Santos
7%
DEL Pepe Santos
7%
MED Piazza Cruzeiro
7%
DEL Pietro Ferraris Inter
7%
DEF Pietro Rava Juventus
7%
MED Pietro Serantoni Roma
7%
POR Roque Maspoli Peñarol
7%
DEL Ruben Moran Cerro
7%
DEF Schubert Gambetta Nacional
7%
DEL Silvio Piola Lazio
7%
MED Ugo Locatelli Inter
7%
MED Zito Santos
7%
MED Zito Santos
7%
DEF Zozimo Bangu
7%
MED Zozimo Bangu
7%
MED Aldo Donati Roma
5%
MED Alfred Pfaff Eintracht Frankfurt
5%
MED Alvaro Gestido Peñarol
5%
DEL Amadeo Biavati Bologna
5%
DEL Anfilogino Gaurisi Lazio
5%
MED Angel Melogno Bella Vista
5%
POR Anibal Paz Nacional
5%
MED Armando Castellazzi Inter
5%
MED Bernhard Cullmann Koln
5%
DEL Bernhard Klodt Schalke 04
5%
MED Bruno Chizzo Triestina
5%
POR Carlo Ceresoli Bologna
5%
POR Carlos Castilho Fluminense
5%
MED Carlos Riolfo Peñarol
5%
DEL Carlos Romero Dabubio
5%
POR Castilho Fluminense
5%
MED Conduelo Piriz Nacional
5%
DEL Coutinho Santos
5%
DEF De Sordi Sao Paulo
5%
MED Dino Sani Sao Paulo
5%
DEF Domingo Tejera Montevideo Wanderers
5%
DEL Edu Santos
5%
DEF Emilio Recoba Nacional
5%
DEL Enrique Guaita Roma
5%
DEF Eraldo Monzeglio Roma
5%
DEF Eraldo Monzeglio Bologna
5%
DEL Ernesto Vidal Peñarol
5%
DEF Eusebio Tejera Nacional
5%
DEF Fritz Laband Hamburgo
5%
POR Giuseppe Cavanna Napoli
5%
POR Guido Masetti Roma
5%
POR Guido Masetti Roma
5%
MED Gunter Netzer Real Madrid
5%
DEF Hans Bauer Bayern Munich
5%
DEF Hans-Georg Schwarzenbeck Bayern Munich
5%
DEF Hector Vilches Cerro
5%
POR Heinz Kubsch Pirmasens
5%
POR Heinz Kwiatkowski Borussia Dortmund
5%
DEF Herbert Erhardt SpVgg Furth
5%
MED Horst Eckel Kaiserslautern
5%
DEF Joel Santos
5%
DEL Joel Antonio Martins Flamengo
5%
DEF Josef Posipal Hamburgo
5%
DEL Juan Burgueño Danubio
5%
DEL Juan Carlos Calvo Miramar Misiones
5%
DEL Julio Cesar Britos Peñarol
5%
MED Karl-Heinz Metzner Hessen Kassel
5%
DEF Luigi Allemandi Inter
5%
MED Luigi Bertolini Juventus
5%
DEL Luis Rijo Central
5%
DEF Marco Antonio Fluminense
5%
MED Mario Genta Genoa
5%
MED Mario Perazzolo Genoa
5%
MED Mario Pizziolo Fiorentina
5%
MED Mario Varglien Juventus
5%
MED Martin Peters West Ham
5%
MED Michele Andreolo Bologna
5%
POR Miguel Capuccini Peñarol
5%
MED Moacir Flamengo
5%
MED Nobby Styles Manchester United
5%
MED Oreco Corinthians
5%
DEL Pablo Dorado Bella Vista
5%
MED Paul Mebus Koln
5%
DEL Peregrino Anselmo Peñarol
5%
DEL Piero Pasinati Triestina
5%
DEL Pietro Arcari Milan
5%
DEF Ray Wilson Everton
5%
MED Renato Olmi Inter
5%
DEL Richard Hermann Eintracht Frankfurt
5%
MED Rodolfo Pini Nacional
5%
DEL Santos Iriarte Racing Club (URU)
5%
DEL Santos Urdinaran Nacional
5%
DEL Sergio Bertoni Pisa
5%
POR Toni Turek Fortuna Dusseldorf
5%
DEL Ulrich Biesinger Ausburgo
5%
DEF Umberto Caligaris Juventus
5%
DEF Virginio Rosetta Juventus
5%
MED Washington Ortuño Peñarol
5%
DEF Werner Kohlmeyer Kaiserslautern
5%
DEF Werner Liebrich Kaiserslautern
5%
MED Wolfgang Overath Koln
5%
DEL Zoilo Saldombide Nacional
5%
POR Ado Corinthians
2%
DEF Altair Fluminense
2%
DEL Amarildo Botafogo
2%
DEF Baldocchi Palmeiras
2%
DEL Bernd Holzenbein Eintracht Frankfurt
2%
MED Caju Botafogo
2%
DEL Dario Atl.Mineiro
2%
MED Dieter Herzog Fortuna Dusseldorf
2%
DEF Fontana Cruzeiro
2%
DEF George Cohen Fulham
2%
MED George Eastham Arsenal
2%
DEF Gerry Byrne Liverpool
2%
MED Heinz Flohe Koln
2%
DEF Helmut Kremers Schalke 04
2%
MED Herbert Wimmer Borussia Monchengladbach
2%
DEF Horst-Dieter Hottges Werder Bremen
2%
MED Ian Callaghan Liverpool
2%
DEF Jimmy Armfield Blackpool
2%
DEL Jimmy Greaves Tottenham
2%
DEL John Connelly Manchester United
2%
DEL Jupp Heynckes Borussia Monchengladbach
2%
DEF Jupp Kapellmann Bayern Munich
2%
DEF Jurandir Sao Paulo
2%
DEL Jurgen Grabowski Eintracht Frankfurt
2%
MED Mengalvio Santos
2%
POR Nobert Nigbur Schalke 04
2%
DEF Norman Hunter Leeds
2%
POR Peter Bonetti Chelsea
2%
MED Rainer Bonhof Borussia Monchengladbach
2%
DEL Roberto Lopes Botafogo
2%
MED Ron Flowers Wolverhampton Wanderers
2%
POR Ron Springett Sheffield Wednesday
2%
DEL Terry Paine Southampton
2%
POR Wolfgang Kleff Borussia Monchengladbach
2%
DEF Ze Maria Portuguesa
2%
MED Zequinho Palmeiras
0%
No se encontraron pruebas coincidentes
Distribución de puntuación
Porcentaje de gente con cada puntuación
Porcentaje por número respondido
Historial de tus puntuaciones
No has intentado esta prueba.